| 000 | 00000nam 2200000zi 4500 |
| 001 | 9.947344 |
| 003 | CaOODSP |
| 005 | 20250124102258 |
| 006 | m o d f |
| 007 | cr |n||||||||| |
| 008 | 250124s1938 onca o f000 0 eng d |
| 040 | |aCaOODSP|beng|erda|cCaOODSP |
| 043 | |an-cn--- |
| 086 | 1 |aA52-273/1938E-PDF |
| 086 | 1 |zA51-57E-PDF |
| 100 | 1 |aBallantyne, J. P. S., |eauthor. |
| 245 | 10|aExperimental Station, Kapuskasing, Ontario : |bresults of experiments, 1931-1936 / |cJ. P. S. Ballantyne. |
| 264 | 1|aOttawa : |bMinister of Agriculture, |c1938 |
| 300 | |a1 online resource (30 pages) : |billustrations |
| 336 | |atext|btxt|2rdacontent |
| 337 | |acomputer|bc|2rdamedia |
| 338 | |aonline resource|bcr|2rdacarrier |
| 500 | |aDigitized edition from print [provided by Agriculture and Agri-Food Canada]. |
| 610 | 15|aCanada. |bStation expérimentale (Kapuskasing, Ont.) |
| 610 | 15|aCanada. |bExperimental Station (Kapuskasing, Ont.) |
| 650 | 0|aAgricultural experiment stations|zOntario|zKapuskasing. |
| 650 | 6|aStations agronomiques|zOntario|zKapuskasing. |
| 710 | 1 |aCanada. |bExperimental Station (Kapuskasing, Ont.), |eissuing body. |
| 710 | 2 |aDominion Experimental Farms and Stations (Canada), |eissuing body. |
| 856 | 40|qPDF|s6.15 MB|uhttps://publications.gc.ca/collections/collection_2024/aac-aafc/A51-57-1931-eng.pdf |